Stati confinanti più popolosi - Quiz n°10 - Statistics

Statistiche generali
  • Questo quiz è stato fatto 4 volte
  • Il punteggio medio è 9 su 10
Statistiche sulle risposte
Nazione Nazione confinante più popolosa % Corretto
Laos Cina
100%
Slovenia Italia
100%
Algeria Marocco
100%
Repubblica Centrafricana Repubblica Democratica del Congo
100%
Repubblica del Congo Repubblica Democratica del Congo
100%
Romania Ucraina
100%
Kirghizistan Cina
75%
Turchia Iran
75%
Malawi Tanzania
75%
Burkina Faso Ghana
50%
Nessun quiz corrispondente trovato
Distribuzione punteggi
Percentuale di utenti per punteggio
Percentile per numero di risposta
I tuoi punteggi nel tempo
Non hai fatto questo quiz